| 000 | 01552nam a2200313Ia 4500 | ||
|---|---|---|---|
| 001 | ebr10237093 | ||
| 003 | CaPaEBR | ||
| 006 | m u | ||
| 007 | cr cn||||||||| | ||
| 008 | 080802s2008 dcua sb 000 0 eng d | ||
| 010 | _z 2008298479 | ||
| 020 | _z0309113830 | ||
| 020 | _z9780309113830 | ||
| 040 |
_aCaPaEBR _cCaPaEBR |
||
| 035 | _a(OCoLC)568043971 | ||
| 050 | 1 | 4 |
_aQP82.2.R3 _bN3718 2008eb |
| 110 | 2 |
_aNational Research Council (U.S.). _bCommittee on the Evaluation of Radiation Shielding for Space Exploration. |
|
| 245 | 1 | 0 |
_aManaging space radiation risk in the new era of space exploration _h[electronic resource] / _cCommittee on the Evaluation of Radiation Shielding for Space Exploration, Aeronautics and Space Engineering Board, Division on Engineering and Physical Sciences, National Research Council of the National Academies. |
| 260 |
_aWashington, D.C. : _bNational Academies Press, _cc2008. |
||
| 300 |
_axiii, 117 p. : _bill. (some col.) |
||
| 504 | _aIncludes bibliographical references. | ||
| 533 |
_aElectronic reproduction. _bPalo Alto, Calif. : _cebrary, _d2009. _nAvailable via World Wide Web. _nAccess may be limited to ebrary affiliated libraries. |
||
| 650 | 0 |
_aExtraterrestrial radiation _xSafety measures. |
|
| 650 | 0 |
_aRadiation _xPhysiological effect. |
|
| 650 | 0 |
_aSpace flights _xSafety measures. |
|
| 655 | 7 |
_aElectronic books. _2local |
|
| 710 | 2 | _aebrary, Inc. | |
| 856 | 4 | 0 |
_uhttp://site.ebrary.com/lib/rucke/Doc?id=10237093 _zAn electronic book accessible through the World Wide Web; click to view |
| 999 |
_c37711 _d37711 |
||